000 00268nam a2200109Ia 4500
008 200302s9999 xx 000 0 und d
100 _aClaudia Conforti and Others
245 _aRichard meier
260 _bSantiago Calatrava Alvaro siza
260 _c2009
300 _a119
999 _c6262
_d6262